| 000 | 00731nam a2200289Ia 4500 | ||
|---|---|---|---|
| 001 | 4925 | ||
| 003 | 9767 | ||
| 005 | 20250830062540.0 | ||
| 008 | ||||||n9999 ||| || || | ||
| 041 | _aspa | ||
| 082 |
_221 _a338 |
||
| 100 | 1 |
_aMoncayo Cruz, Víctor Manuel, _d1942- _93856 |
|
| 245 | 0 | _aForma urbana, estado y valorizacion capitalista | |
| 260 |
_aBogotá : _bCentro de Investigación y Educación Popular-CINEP, _c1981. |
||
| 562 | _e1 | ||
| 650 | 0 |
_aBienes de consumo _98841 |
|
| 650 | 0 |
_aMercado de capitales _95585 |
|
| 650 | 0 |
_aTrabajo _91369 |
|
| 942 | _cBKM | ||
| 999 |
_c4925 _d4925 |
||
| 526 | _a116204 | ||
| 526 | _a4969 | ||
| 526 | _a19790 | ||
| 526 | _a104436 | ||
| 526 | _a5144 | ||
| 526 | _a51868 | ||
| 526 | _a1697 | ||